000 00671nam a2200205Ia 4500
005 20260121110356.0
008 008 260114s9999 xx 000 0 hin d
020 _a9788132304753
037 _aEBOOK
040 _aCRL
_bhin
_cCRL
041 _ahin
_2hin
084 _qCRL
100 _aमनीष गुप्ता / Manish Gupta
_9945407
245 0 _aडॉ. सर्वपल्ली राधाकृष्णन / Dr. Sarvepalli Radhakrishnan
260 _bभाषा प्रकाशन / Bhasha Prakashan
_c2020
856 _uhttps://bhashaprakashan.com/product-details/378126
942 _cEBOOK
999 _c1537071
_d1537071